[Event "Barcelona Sant Marti op-B 16th"]
[Site "Barcelona"]
[Date "2014.07.20"]
[Round "8"]
[White "Cano Sevila, Ivan"]
[Black "Arroyo Morales, Jaime"]
[Result "1/2-1/2"]
[WhiteElo "2039"]
[BlackElo "1923"]
[PlyCount "82"]
[EventDate "2014.07.13"]
[EventType "swiss"]
[EventRounds "9"]
[EventCountry "ESP"]
[SourceTitle "CBM 161 Extra"]
[Source "ChessBase"]
[SourceDate "2014.08.29"]
[SourceVersion "1"]
[SourceVersionDate "2014.08.29"]
[SourceQuality "1"]

1. f4 d5 2. Nf3 c5 3. e3 Bg4 4. Be2 Nf6 5. b3 e6 6. Bb2 Nbd7 7. d3 Rc8 8. Nbd2 Bxf3 9. Bxf3 b5 10. c4 bxc4 11. dxc4 Nb6 12. 0-0 Be7 13. cxd5 Nbxd5 14. Qe2 0-0 15. Rfd1 Qc7 16. Nc4 a6 17. Be5 Qa7 18. Rd2 Rfd8 19. Rad1 h6 20. e4 Nb6 21. Bxf6 Bxf6 22. e5 Nxc4 23. Qxc4 Be7 24. g3 Rxd2 25. Rxd2 Rd8 26. Rxd8+ Bxd8 27. Kg2 a5 28. Qb5 Kf8 29. h3 Qb6 30. Qd3 g6 31. Kf1 Ke7 32. Ke2 Qc7 33. Qc4 Qb6 34. g4 Qb4 35. Qd3 Qd4 36. Qxd4 cxd4 37. Kd3 Bb6 38. Bc6 f6 39. Ke4 fxe5 40. Kxe5 d3 41. Bf3 Bc5 1/2-1/2

[Event "Barcelona Sant Marti op-B 16th"]
[Site "Barcelona"]
[Date "2014.07.15"]
[Round "3"]
[White "Corominas Garrido, Antonio"]
[Black "Arroyo Morales, Jaime"]
[Result "1/2-1/2"]
[WhiteElo "2034"]
[BlackElo "1923"]
[PlyCount "68"]
[EventDate "2014.07.13"]
[EventType "swiss"]
[EventRounds "9"]
[EventCountry "ESP"]
[SourceTitle "CBM 161 Extra"]
[Source "ChessBase"]
[SourceDate "2014.08.29"]
[SourceVersion "1"]
[SourceVersionDate "2014.08.29"]
[SourceQuality "1"]

1. c4 Nf6 2. Nc3 g6 3. g3 Bg7 4. Bg2 0-0 5. Nf3 d6 6. 0-0 Nc6 7. Rb1 a5 8. a3 h6 9. d3 e5 10. Re1 Be6 11. b4 axb4 12. axb4 Qd7 13. Nd2 Bh3 14. Bh1 Rab8 15. b5 Ne7 16. e4 c6 17. Nf1 Qc7 18. Bg2 Bd7 19. h3 Nc8 20. Be3 cxb5 21. Nxb5 Bxb5 22. Rxb5 Nd7 23. Qd2 Kh7 24. Reb1 b6 25. h4 Na7 26. R5b2 Nc5 27. Bxc5 bxc5 28. Ne3 Rxb2 29. Qxb2 Nc6 30. Nd5 Qb8 31. Qxb8 Rxb8 32. Rxb8 Nxb8 33. Bh3 Nc6 34. Bd7 Nd4 1/2-1/2

[Event "Foment Martinenc op-B 15th"]
[Site "Barcelona"]
[Date "2013.06.01"]
[Round "7"]
[White "Castro Gonzalez, Jordi"]
[Black "Arroyo Morales, Jaime"]
[Result "0-1"]
[WhiteElo "1786"]
[BlackElo "1695"]
[PlyCount "94"]
[EventDate "2013.04.20"]
[EventType "swiss"]
[EventRounds "9"]
[EventCountry "ESP"]
[SourceTitle "CBM 154 Extra"]
[Source "ChessBase"]
[SourceDate "2013.06.25"]
[SourceVersion "2"]
[SourceVersionDate "2013.06.25"]
[SourceQuality "1"]

1. d4 Nf6 2. e3 e6 3. Bd3 c5 4. c3 d5 5. f4 Nc6 6. Nf3 g6 7. Nbd2 cxd4 8. cxd4 Bg7 9. 0-0 Bd7 10. Ne5 0-0 11. Nxd7 Nxd7 12. Nf3 a6 13. Bd2 Qb6 14. Bc3 Nf6 15. Ne5 Nxe5 16. fxe5 Nd7 17. Rf2 f5 18. Rc1 Rac8 19. Rfc2 Qa7 20. Bb4 Rxc2 21. Rxc2 Re8 22. Rc7 Nxe5 23. Bc5 Qb8 24. Bd6 Nf7 25. Rxf7 Qxd6 26. Rxb7 Ra8 27. Qa4 f4 28. Rd7 Qb8 29. Qc2 Qe8 30. Qc7 Qf8 31. Qd6 Qxd6 32. Rxd6 fxe3 33. Be2 Bxd4 34. Kf1 Bxb2 35. Rxe6 d4 36. Rxa6 Rc8 37. Bd3 Rf8+ 38. Ke2 Rf2+ 39. Kd1 Rd2+ 40. Ke1 Rxd3 41. Ra8+ Kg7 42. Ra7+ Kh6 43. g4 Bc3+ 44. Ke2 Rd2+ 45. Kf3 Rf2+ 46. Kg3 Be1 47. h4 Rf7+ 0-1

[Event "Foment Martinenc op-B 15th"]
[Site "Barcelona"]
[Date "2013.05.04"]
[Round "3"]
[White "Lopez Mayoral, Miguel Angel"]
[Black "Arroyo Morales, Jaime"]
[Result "1-0"]
[WhiteElo "1645"]
[BlackElo "1695"]
[PlyCount "35"]
[EventDate "2013.04.20"]
[EventType "swiss"]
[EventRounds "9"]
[EventCountry "ESP"]
[SourceTitle "CBM 154 Extra"]
[Source "ChessBase"]
[SourceDate "2013.06.25"]
[SourceVersion "2"]
[SourceVersionDate "2013.06.25"]
[SourceQuality "1"]

1. e4 c5 2. Nf3 d6 3. d4 cxd4 4. Nxd4 Nf6 5. Nc3 a6 6. Be2 e6 7. 0-0 b5 8. a3 Bb7 9. Bg5 Be7 10. Bxf6 Bxf6 11. Bf3 Qc7 12. Ndxb5 axb5 13. Nxb5 Qd7 14. Nxd6+ Ke7 15. Nxb7 Qxb7 16. e5 Nc6 17. Qd6+ Ke8 18. Bxc6+ 1-0